000
00289nam a2200121Ia 4500
008
191201s2004 xx 000 0 und d
100
_a
SINGH, Joginder
245
0
_a
You Too Can Succeed
260
_a
N.Delhi
_b
New Dawn
_c
2004
300
_a
207
650
_a
General Books
942
_2
ddc
_c
BK
999
_c
2124
_d
2124